[Event "Summer Special"]
[Site "Toronto CAN"]
[Date "1979.08.09"]
[Round "6"]
[White "Murray, Robert"]
[Black "Brodie, Hugh"]
[Result "1/2-1/2"]
[WhiteElo "1681"]
[BlackElo "1777"]
[PlyCount "180"]
[EventDate "1979.08.04"]
[EventType "swiss"]
[EventRounds "9"]
[EventCountry "CAN"]

1. e4 c5 2. Nf3 Nc6 3. d4 cxd4 4. Nxd4 g6 5. Nc3 Bg7 6. Be3 Nf6 7. Bc4 Qa5 8.
O-O O-O 9. Nb3 Qc7 10. f4 d6 11. Be2 a6 12. g4 h6 13. Bf3 Be6 14. Nd5 Bxd5 15.
exd5 Na5 16. Nxa5 Qxa5 17. c3 Rac8 18. Qd2 Nd7 19. Qf2 Kh7 20. Rfe1 Qd8 21. Be4
Nf6 22. Bb6 Qd7 23. h3 Nxe4 24. Rxe4 e6 25. dxe6 fxe6 26. Qe3 e5 27. Rd1 Qc6
28. fxe5 Bxe5 29. Bd4 Bxd4 30. Qxd4 Rf7 31. Rf4 Rcf8 32. Rxf7+ Rxf7 33. Rd3 Qc5
34. Qxc5 dxc5 35. Rd5 Rc7 36. Kf2 Kg7 37. Ke3 Kf7 38. Ke4 Ke6 39. Rd8 Re7 40.
Rh8 Kf6+ 41. Kf3 Kg7 42. Rc8 Rf7+ 43. Kg3 b6 44. Ra8 a5 45. Rb8 Rf6 46. Rb7+
Rf7 47. Rxb6 Rd7 48. Rb5 Rd2 49. Rxc5 Rxb2 50. Rxa5 Rc2 51. Ra3 Kf6 52. Ra6+
Kf7 53. Ra3 Ke6 54. Kf4 Kd5 55. h4 Rf2+ 56. Ke3 Rh2 57. h5 gxh5 58. gxh5 Kc4
59. Ra5 Kxc3 60. a3 Kb3 61. Kf4 Rh4+ 62. Kg3 Rh1 63. Kg4 Rg1+ 64. Kf4 Rh1 65.
Rf5 Kxa3 66. Ke5 Kb4 67. Kf6 Rg1 68. Kf7 Kc4 69. Rf6 Kd5 70. Rxh6 Ke5 71. Re6+
Kf5 72. Rf6+ Ke5 73. Rg6 Ra1 74. Kg7 Ra7+ 75. Kh6 Kf5 76. Rg7 Ra6+ 77. Kh7 Ra8
78. h6 Kf6 79. Rg6+ Kf7 80. Rg1 Ra2 81. Rf1+ Ke7 82. Kh8 Rh2 83. Kg7 Rg2+ 84.
Kh8 Rh2 85. h7 Rg2 86. Ra1 Kf7 87. Ra7+ Kf8 88. Ra8+ Kf7 89. Rg8 Rf2 90. Rg7+
Kf8 1/2-1/2

[Event "Summer Special"]
[Site "Toronto CAN"]
[Date "1979.08.10"]
[Round "7"]
[White "Sutherland, Ken"]
[Black "Brodie, Hugh"]
[Result "1/2-1/2"]
[WhiteElo "1767"]
[BlackElo "1777"]
[PlyCount "119"]
[EventDate "1979.08.04"]
[EventType "swiss"]
[EventRounds "9"]
[EventCountry "CAN"]

1. Nf3 b6 2. g3 Bb7 3. Bg2 e6 4. O-O f5 5. d3 Nf6 6. c4 Be7 7. Nc3 O-O 8. a3 a6
9. Rb1 Qe8 10. b4 Qh5 11. c5 d6 12. cxb6 cxb6 13. Na4 Nbd7 14. e4 fxe4 15. Nd2
Qxd1 16. Rxd1 Rac8 17. Nxe4 Nxe4 18. dxe4 b5 19. Nb2 Rc2 20. Nd3 Nb6 21. Rb2
Rfc8 22. Bh3 Kf7 23. Rxc2 Rxc2 24. e5 dxe5 25. Nxe5+ Kf6 26. Nd3 Nc4 27. Re1 e5
28. Bg2 Bxg2 29. Kxg2 Kf5 30. g4+ Kxg4 31. Nxe5+ Nxe5 32. Rxe5 Bf6 33. h3+ Kh4
34. Re4+ Kh5 35. Bf4 Rc3 36. Be5 Rxa3 37. Bc7 Rc3 38. Bd6 Kg5 39. Bc5 Kf5 40.
Re8 Rc4 41. Ra8 Bc3 42. Rxa6 Bxb4 43. Be3 Bc5 44. Bd2 Ke5 45. Ra5 Rc2 46. Rxb5
Kd6 47. Be1 Rc1 48. Kf1 Kc6 49. Rb3 Kd5 50. Ke2 Bd4 51. Rb5+ Ke6 52. h4 Be5 53.
Bd2 Rc4 54. Rb4 Rxb4 55. Bxb4 Bf6 56. Bf8 g6 57. h5 g5 58. Kf3 Kf5 59. Bh6 g4+
60. Kg2 1/2-1/2

[Event "Summer Special"]
[Site "Toronto CAN"]
[Date "1979.08.11"]
[Round "8"]
[White "Brodie, Hugh"]
[Black "Bergeron, Florian"]
[Result "1-0"]
[WhiteElo "1777"]
[BlackElo "1720"]
[PlyCount "67"]
[EventDate "1979.08.04"]
[EventType "swiss"]
[EventRounds "9"]
[EventCountry "CAN"]

1. f4 c5 2. b3 Nf6 3. Bb2 g6 4. Nf3 Bg7 5. e3 O-O 6. Be2 Nc6 7. O-O d5 8. Bb5
Bg4 9. Bxc6 bxc6 10. Qe1 Bxf3 11. Rxf3 Ne4 12. Bxg7 Kxg7 13. d3 Nd6 14. Qc3+ d4
15. exd4 Nb5 16. Qxc5 Nxd4 17. Rf2 Kg8 18. Nd2 Ne6 19. Qe3 Qa5 20. Qe5 Qa6 21.
f5 gxf5 22. Qxf5 Rad8 23. Nc4 Rd5 24. Ne5 Ng7 25. Qe4 Qb6 26. Raf1 Rd4 27. Qxc6
Qa5 28. Nxf7 Rxf7 29. Rxf7 Rd8 30. Qh6 Qc5+ 31. Kh1 Qe5 32. Qxg7+ Qxg7 33.
Rxg7+ Kxg7 34. Rf2 1-0

[Event "Summer Special"]
[Site "Toronto CAN"]
[Date "1979.08.12"]
[Round "9"]
[White "Brodie, Hugh"]
[Black "Eng, Randel"]
[Result "1/2-1/2"]
[WhiteElo "1850"]
[BlackElo "1656"]
[PlyCount "102"]
[EventDate "1979.08.04"]
[EventType "swiss"]
[EventRounds "9"]
[EventCountry "CAN"]

1. f4 d5 2. Nf3 Nf6 3. b3 Bg4 4. e3 e6 5. Bb2 Bd6 6. Be2 Nbd7 7. Ne5 Bxe2 8.
Qxe2 Rg8 9. d3 c6 10. Nd2 Qc7 11. Ndf3 Rf8 12. O-O O-O-O 13. c4 Rde8 14. d4 Ne4
15. c5 Bxe5 16. fxe5 f5 17. b4 g5 18. b5 Qa5 19. bxc6 bxc6 20. Rfd1 Nb8 21. Rd3
Qa6 22. Qd1 Re7 23. Ra3 Qb5 24. Rb3 Qa5 25. Ra3 Qd8 26. Bc3 Rb7 27. Nd2 Qe8 28.
Rb1 Rxb1 29. Nxb1 Rf7 30. Qh5 Qf8 31. Nd2 Rb7 32. h3 Ng3 33. Qxg5 Rg7 34. Qf6
Qg8 35. Qh4 Ne2+ 36. Kf1 Rxg2 37. Ke1 Nxc3 38. Rxc3 Qg3+ 39. Qxg3 Rxg3 40. Kf2
Rxh3 41. Kg2 Rh4 42. Nf3 Rg4+ 43. Kh3 Na6 44. Ra3 Kb7 45. Rb3+ Kc7 46. Ra3 Kb7
47. Rb3+ Ka8 48. Ne1 Nc7 49. Nd3 Na6 50. Nf4 Nc7 51. Nd3 Na6 1/2-1/2

[Event "Quebec op"]
[Site "Montreal CAN"]
[Date "1979.07.17"]
[Round "1"]
[White "Singher, Jean-Pierre"]
[Black "Brodie, Hugh"]
[Result "0-1"]
[WhiteElo "1600"]
[BlackElo "1798"]
[PlyCount "54"]
[EventDate "1979.07.17"]
[EventType "swiss"]
[EventRounds "8"]
[EventCountry "CAN"]

1. e4 c5 2. Nf3 Nc6 3. Bc4 g6 4. d3 Bg7 5. Nc3 d6 6. Be3 Nf6 7. Qe2 Bg4 8.
O-O-O a6 9. Bb3 b5 10. a3 O-O 11. h3 Bxf3 12. Qxf3 b4 13. axb4 Nxb4 14. Na4 Nd7
15. c3 Nxd3+ 16. Rxd3 Ne5 17. Qd1 c4 18. Rd2 cxb3 19. Qxb3 Rb8 20. Qd5 Rb5 21.
Qa2 Qc7 22. b3 Rfb8 23. Bd4 Rxb3 24. Rhd1 Nc4 25. Rd3 Ra3 26. Qc2 Ra1+ 27. Qb1
Rbxb1+ 0-1

[Event "Quebec op"]
[Site "Montreal CAN"]
[Date "1979.07.18"]
[Round "2"]
[White "Barbeau, Sylvain"]
[Black "Brodie, Hugh"]
[Result "1-0"]
[WhiteElo "2167"]
[BlackElo "1798"]
[PlyCount "67"]
[EventDate "1979.07.17"]
[EventType "swiss"]
[EventRounds "8"]
[EventCountry "CAN"]

1. Nf3 Nf6 2. c4 c5 3. g3 d5 4. Bg2 g6 5. O-O Bg7 6. d4 cxd4 7. Nxd4 O-O 8.
cxd5 Nxd5 9. Nc3 Nb6 10. Ndb5 Nc6 11. Bf4 e5 12. Qxd8 Rxd8 13. Bg5 f6 14. Be3
Nd4 15. Nxd4 exd4 16. Rfd1 f5 17. Nb5 Nc4 18. Bxd4 Bxd4 19. Rxd4 Rxd4 20. Nxd4
Nxb2 21. Rb1 Na4 22. Bxb7 Bxb7 23. Rxb7 Nc3 24. a3 Rd8 25. e3 a6 26. Kf1 Ne4
27. Rb6 Ra8 28. Ke2 a5 29. f3 Nc3+ 30. Kd3 Nd5 31. Rb5 Ne7 32. a4 Kf7 33. Nb3
Nc6 34. Rc5 1-0

[Event "Quebec op"]
[Site "Montreal CAN"]
[Date "1979.07.19"]
[Round "3"]
[White "Brodie, Hugh"]
[Black "Sienkiewicz, Igor"]
[Result "1/2-1/2"]
[WhiteElo "1850"]
[BlackElo "1798"]
[PlyCount "54"]
[EventDate "1979.07.17"]
[EventType "swiss"]
[EventRounds "8"]
[EventCountry "CAN"]

1. f4 e5 2. fxe5 d6 3. exd6 Bxd6 4. Nf3 g5 5. g3 g4 6. Nh4 f5 7. d4 f4 8. Qd3
Nc6 9. c3 fxg3 10. hxg3 Nge7 11. Bh6 Be6 12. Nd2 Qd7 13. O-O-O O-O-O 14. Kb1
Bxa2+ 15. Kxa2 Nb4+ 16. cxb4 Qa4+ 17. Qa3 Qxd1 18. Bg2 Qxe2 19. Qxa7 Nc6 20.
Bxc6 bxc6 21. Bg5 Rdf8 22. d5 cxd5 23. Qa8+ Kd7 24. Qxd5 Ra8+ 25. Kb1 Qe6 26.
Qxe6+ Kxe6 27. Re1+ Kd7 1/2-1/2

[Event "Quebec op"]
[Site "Montreal CAN"]
[Date "1979.07.22"]
[Round "6"]
[White "Delisle, Claude"]
[Black "Brodie, Hugh"]
[Result "1-0"]
[WhiteElo "1851"]
[BlackElo "1798"]
[PlyCount "67"]
[EventDate "1979.07.17"]
[EventType "swiss"]
[EventRounds "8"]
[EventCountry "CAN"]

1. e3 b6 2. f4 Bb7 3. Nf3 e6 4. Be2 f5 5. O-O Nf6 6. b3 Be7 7. Bb2 O-O 8. Ne5
d6 9. Bf3 d5 10. d3 Nbd7 11. Nd2 c5 12. Qe2 Bd6 13. e4 Qc7 14. Nxd7 Nxd7 15. e5
Be7 16. g4 g6 17. Qg2 Kh8 18. c4 Qc6 19. cxd5 exd5 20. Nc4 fxg4 21. Qxg4 Rab8
22. Ne3 h5 23. Qxd7 Qxd7 24. e6+ d4 25. exd7 Ba6 26. Nc4 Rxf4 27. Rae1 Bd8 28.
Re8+ Kg7 29. Bd5 Rxf1+ 30. Kxf1 Bb5 31. Rg8+ Kh7 32. Ne5 a5 33. Ke2 a4 34. Nxg6
1-0

[Event "Quebec op"]
[Site "Montreal CAN"]
[Date "1979.07.23"]
[Round "7"]
[White "Brodie, Hugh"]
[Black "Lemieux, Serge"]
[Result "1-0"]
[WhiteElo "1798"]
[BlackElo "1461"]
[PlyCount "73"]
[EventDate "1979.07.17"]
[EventType "swiss"]
[EventRounds "8"]
[EventCountry "CAN"]

1. f4 d5 2. Nf3 c5 3. e3 Nf6 4. b3 e6 5. Bb2 Be7 6. Bb5+ Bd7 7. Qe2 a6 8. Bxd7+
Nbxd7 9. O-O O-O 10. d3 h6 11. Nbd2 Nh7 12. Ne5 Bf6 13. Ndf3 g6 14. Nxd7 Qxd7
15. Ne5 Qe8 16. Rf3 Rd8 17. Rh3 Bg7 18. Rf1 d4 19. exd4 cxd4 20. Ba3 f5 21.
Bxf8 Nxf8 22. Re1 Rd5 23. g4 fxg4 24. Nxg4 h5 25. Nf2 Bh6 26. Qe4 Qf7 27. Rf3
Rf5 28. Qxd4 Bxf4 29. Kh1 Bd2 30. Rxf5 Qxf5 31. Rf1 Qf3+ 32. Kg1 Be3 33. Qe4
Qh3 34. Qxb7 g5 35. Qg2 Qf5 36. Kh1 Bxf2 37. Qxf2 1-0

[Event "Quebec op"]
[Site "Montreal CAN"]
[Date "1979.07.24"]
[Round "8"]
[White "Pankhurst, John"]
[Black "Brodie, Hugh"]
[Result "0-1"]
[WhiteElo "1690"]
[BlackElo "1798"]
[PlyCount "70"]
[EventDate "1979.07.17"]
[EventType "swiss"]
[EventRounds "8"]
[EventCountry "CAN"]

1. g3 e5 2. Bg2 d6 3. c4 Nf6 4. Nc3 Nc6 5. e3 g6 6. Nge2 Bg7 7. d3 O-O 8. O-O
Be6 9. Nd5 Qd7 10. Nec3 Nd8 11. Nxf6+ Bxf6 12. f4 Bh3 13. Bxh3 Qxh3 14. Nd5 Bg7
15. Nxc7 exf4 16. gxf4 Rc8 17. Nd5 Re8 18. Rb1 Nc6 19. Bd2 Ne7 20. Nxe7+ Rxe7
21. Qf3 Qd7 22. Rfc1 Rc5 23. b4 Rh5 24. Kg2 Qa4 25. d4 Qxa2 26. Qd1 Qa6 27. b5
Qb6 28. Qf3 Qc7 29. Ra1 b6 30. Bb4 h6 31. Bd2 Qd7 32. Ra6 Qe6 33. Ra2 Kh7 34.
h3 Rf5 35. Rcc2 g5 0-1

[Event "CAN-op"]
[Site "Edmonton CAN"]
[Date "1979.07.07"]
[Round "1"]
[White "Johansen, David"]
[Black "Brodie, Hugh"]
[Result "0-1"]
[WhiteElo "1559"]
[BlackElo "1798"]
[PlyCount "44"]
[EventDate "1979.07.07"]
[EventType "swiss"]
[EventRounds "10"]
[EventCountry "CAN"]

1. e4 c5 2. Nf3 Nc6 3. d4 cxd4 4. Nxd4 g6 5. Nc3 Bg7 6. Be3 Nf6 7. Qd2 O-O 8.
O-O-O d5 9. Nxc6 bxc6 10. exd5 cxd5 11. Nxd5 Nxd5 12. Qxd5 Qc7 13. Qxa8 Bf5 14.
Qxf8+ Kxf8 15. Rd2 Qb8 16. c3 Bxc3 17. b3 Bxd2+ 18. Bxd2 Kg7 19. Bc4 Qe5 20.
Kd1 Qa1+ 21. Bc1 Qxa2 22. Re1 Qc2# 0-1

[Event "CAN-op"]
[Site "Edmonton CAN"]
[Date "1979.07.08"]
[Round "2"]
[White "Brodie, Hugh"]
[Black "Babb, Jeff"]
[Result "0-1"]
[WhiteElo "1798"]
[BlackElo "1957"]
[PlyCount "68"]
[EventDate "1979.07.07"]
[EventType "swiss"]
[EventRounds "10"]
[EventCountry "CAN"]

1. Nf3 d6 2. g3 g6 3. Bg2 Bg7 4. d3 Nc6 5. O-O e5 6. c4 Nh6 7. Nc3 O-O 8. Bd2
f6 9. Rb1 Be6 10. b4 a6 11. a4 Qd7 12. Re1 Bh3 13. Bh1 Rae8 14. b5 axb5 15.
axb5 Nd8 16. Ra1 Nhf7 17. Qc1 h6 18. Nh4 Kh7 19. e3 g5 20. Ng2 f5 21. f4 Ne6
22. Qc2 gxf4 23. gxf4 exf4 24. exf4 Nd4 25. Qd1 Bg4 26. Qc1 Nf3+ 27. Kf1 Nxe1
28. Nxe1 Qe6 29. Bd5 Qg6 30. Bg2 Qh5 31. Nc2 Qxh2 32. Ne3 Qxf4+ 33. Kg1 Qg3 34.
Ra3 Bd4 0-1

[Event "CAN-op"]
[Site "Edmonton CAN"]
[Date "1979.07.08"]
[Round "3"]
[White "Lowry, C."]
[Black "Brodie, Hugh"]
[Result "0-1"]
[WhiteElo "1412"]
[BlackElo "1798"]
[PlyCount "60"]
[EventDate "1979.07.07"]
[EventType "swiss"]
[EventRounds "10"]
[EventCountry "CAN"]

1. d4 e6 2. c4 Bb4+ 3. Bd2 Qe7 4. a3 Bxd2+ 5. Qxd2 f5 6. Nf3 b6 7. e3 Nf6 8.
Nc3 Bb7 9. Be2 O-O 10. O-O d6 11. Rac1 Nbd7 12. Rfd1 Ne4 13. Qe1 Rf6 14. d5 e5
15. Nxe4 fxe4 16. Nd2 Rh6 17. f3 exf3 18. Nxf3 Rf8 19. e4 Bc8 20. Qd2 Nc5 21.
Qg5 Qxg5 22. Nxg5 Rg6 23. h4 h6 24. b4 Nb3 25. Rc3 Nd4 26. Bh5 hxg5 27. Rxd4
exd4 28. Rd3 Rh6 29. Bf3 Rxh4 30. Rxd4 Rhf4 0-1

[Event "CAN-op"]
[Site "Edmonton CAN"]
[Date "1979.07.09"]
[Round "4"]
[White "Brodie, Hugh"]
[Black "Kiss, Laszlo2"]
[Result "1-0"]
[WhiteElo "1798"]
[BlackElo "1400"]
[PlyCount "65"]
[EventDate "1979.07.07"]
[EventType "swiss"]
[EventRounds "10"]
[EventCountry "CAN"]

1. f4 d5 2. e3 c5 3. b3 Nf6 4. Bb2 e6 5. Nf3 Nc6 6. Bb5 Bd7 7. O-O a6 8. Bxc6
Bxc6 9. d3 b5 10. Nbd2 Be7 11. Qe1 O-O 12. Ne5 Bb7 13. Rf3 Nd7 14. Rh3 f6 15.
Ng4 g6 16. Nh6+ Kg7 17. Qh4 Rh8 18. Nf3 Kf8 19. Qg3 Qc7 20. Ng5 Qb6 21. Ngf7
Kg7 22. Nxh8 Rxh8 23. Rf1 d4 24. e4 Rf8 25. Qh4 Rh8 26. Bc1 Qc6 27. f5 exf5 28.
Nxf5+ Kf7 29. Nxe7 Kxe7 30. Rhf3 h5 31. Rxf6 Nxf6 32. Rxf6 Qxf6 33. Bg5 1-0

[Event "CAN-op"]
[Site "Edmonton CAN"]
[Date "1979.07.10"]
[Round "5"]
[White "Wharton, William"]
[Black "Brodie, Hugh"]
[Result "0-1"]
[WhiteElo "2034"]
[BlackElo "1798"]
[PlyCount "156"]
[EventDate "1979.07.07"]
[EventType "swiss"]
[EventRounds "10"]
[EventCountry "CAN"]

1. Nc3 e5 2. Nf3 d6 3. g3 g6 4. d4 Nd7 5. Bg2 Bg7 6. O-O Ngf6 7. e4 exd4 8.
Nxd4 O-O 9. Re1 Re8 10. h3 Nc5 11. Nb3 Ne6 12. Be3 Nd7 13. f4 Nb6 14. Qd3 Qd7
15. a4 Qd8 16. a5 Nd7 17. Rad1 a6 18. Rf1 Bf8 19. e5 dxe5 20. f5 Nd4 21. Nxd4
exd4 22. Bxd4 Ne5 23. Bxe5 Qxd3 24. Rxd3 Rxe5 25. Rd8 gxf5 26. Nd5 Kg7 27. Nxc7
Rb8 28. Rfd1 Bc5+ 29. Kh2 Ba7 30. b4 Re2 31. Ne8+ Kg6 32. Nd6 Be6 33. Rxb8 Bxb8
34. Nxb7 f4 35. gxf4 Bxf4+ 36. Kh1 Bxh3 37. Bxh3 Rh2+ 38. Kg1 Rxh3 39. Nc5 Rc3
40. Nxa6 Rxc2 41. b5 Ra2 42. b6 Rxa5 43. Nb4 Rb5 44. Nd5 Bd6 45. Kg2 Bc5 46.
Kf3 Bxb6 47. Nxb6 Rxb6 48. Rd8 Rb4 49. Rg8+ Kf6 50. Rh8 Kg7 51. Rc8 h5 52. Rc5
Kg6 53. Rc8 Kg5 54. Rg8+ Kf5 55. Rh8 Rb3+ 56. Kg2 Kg4 57. Rg8+ Kf4 58. Rh8 Rg3+
59. Kf2 Rg5 60. Ra8 Re5 61. Ra4+ Re4 62. Ra7 f6 63. Rf7 Re6 64. Rh7 Re5 65. Rf7
Rf5 66. Ra7 Kg4+ 67. Kg2 h4 68. Ra4+ Rf4 69. Ra8 h3+ 70. Kh2 Rf2+ 71. Kg1 Re2
72. Rg8+ Kf4 73. Rh8 Re3 74. Kf2 Ra3 75. Rh4+ Kg5 76. Rh8 f5 77. Rh7 Kg4 78.
Rg7+ Kf4 0-1

[Event "CAN-op"]
[Site "Edmonton CAN"]
[Date "1979.07.11"]
[Round "6"]
[White "Brodie, Hugh"]
[Black "Zissos, Andrew"]
[Result "0-1"]
[WhiteElo "1798"]
[BlackElo "1956"]
[PlyCount "80"]
[EventDate "1979.07.07"]
[EventType "swiss"]
[EventRounds "10"]
[EventCountry "CAN"]

1. Nf3 Nf6 2. b3 d6 3. Bb2 e5 4. c4 Be7 5. g3 O-O 6. Bg2 Nc6 7. d3 Bg4 8. Nbd2
Qd7 9. O-O Bh3 10. a3 a5 11. Bc3 Bxg2 12. Kxg2 Nh5 13. e3 f5 14. Ne1 g6 15. f4
Bf6 16. Rc1 Rae8 17. Ndf3 Qe7 18. Rf2 e4 19. dxe4 Qxe4 20. Re2 Rf7 21. Kf2 h6
22. Qd3 Qxd3 23. Nxd3 Bxc3 24. Rxc3 Nf6 25. Kg1 Rfe7 26. Nf2 Ne4 27. Nxe4 Rxe4
28. Kf2 Kf7 29. Rd3 Nb8 30. Nd2 R4e7 31. Kf3 Nd7 32. e4 Nc5 33. Rde3 Ne6 34.
Rd3 g5 35. b4 c5 36. b5 Nd4+ 37. Kf2 Nxe2 38. Kxe2 Re6 39. fxg5 hxg5 40. Kf3
fxe4+ 0-1

[Event "CAN-op"]
[Site "Edmonton CAN"]
[Date "1979.07.12"]
[Round "7"]
[White "Brodie, Hugh"]
[Black "Fiedler, Brian"]
[Result "1/2-1/2"]
[WhiteElo "1798"]
[BlackElo "1950"]
[PlyCount "125"]
[EventDate "1979.07.07"]
[EventType "swiss"]
[EventRounds "10"]
[EventCountry "CAN"]

1. g3 g6 2. Bg2 Bg7 3. d3 d6 4. e4 c5 5. Nc3 Nc6 6. Nh3 Rb8 7. Be3 b5 8. Qd2 h5
9. f3 Nd4 10. O-O Nf6 11. Ne2 e5 12. b3 Bd7 13. c3 Nxe2+ 14. Qxe2 b4 15. c4 a5
16. Nf2 h4 17. g4 Nh7 18. Qd2 g5 19. h3 Bf6 20. Nd1 Nf8 21. Bf2 Ne6 22. Ne3 Nf4
23. Nf5 Qb6 24. Rfd1 a4 25. Qb2 Bxf5 26. gxf5 Kd7 27. Be3 Ke7 28. Bf1 Ra8 29.
Bc1 Ra6 30. Qb1 Rha8 31. Bb2 Ra5 32. Kf2 R8a6 33. Ke1 Qa7 34. Kd2 Nh5 35. Be2
Nf4 36. Bf1 Qa8 37. Kc2 Ra7 38. Kd2 Nh5 39. Be2 g4 40. fxg4 Bg5+ 41. Ke1 Nf4
42. Bf1 Qg8 43. Qc2 Bh6 44. Rdb1 axb3 45. axb3 Rxa1 46. Rxa1 Rxa1+ 47. Bxa1 Qg5
48. Kd1 Nxh3 49. Bxh3 Qe3 50. Bf1 h3 51. Bxh3 Qxh3 52. Qe2 Qh1+ 53. Qe1 Qxe1+
54. Kxe1 Bf4 55. Bb2 Kf6 56. Kf2 Kg5 57. Kf3 f6 58. Ba1 Bc1 59. Kg3 Ba3 60. Kh3
Bc1 61. Kg3 Ba3 62. Kh3 Bc1 63. Kg3 1/2-1/2

[Event "CAN-op"]
[Site "Edmonton CAN"]
[Date "1979.07.13"]
[Round "8"]
[White "Belzberg, Sid"]
[Black "Brodie, Hugh"]
[Result "1/2-1/2"]
[WhiteElo "1713"]
[BlackElo "1798"]
[PlyCount "52"]
[EventDate "1979.07.07"]
[EventType "swiss"]
[EventRounds "10"]
[EventCountry "CAN"]

1. e4 c5 2. Nf3 Nc6 3. d4 cxd4 4. Nxd4 g6 5. Nc3 Bg7 6. Be3 Nf6 7. Bc4 Qa5 8.
Bb3 Nxe4 9. Qf3 Nf6 10. O-O-O O-O 11. g4 Ne5 12. Qg3 Nexg4 13. h4 Nxe3 14. Qxe3
e6 15. Rdg1 a6 16. h5 d5 17. hxg6 hxg6 18. Nce2 Re8 19. Ng3 Ng4 20. Qf3 Bxd4
21. Qxg4 Bg7 22. Nh5 Qc7 23. Nxg7 Kxg7 24. Qg5 Qd8 25. Qh6+ Kf6 26. Qg5+ Kg7
1/2-1/2

[Event "CAN-op"]
[Site "Edmonton CAN"]
[Date "1979.07.14"]
[Round "9"]
[White "Brodie, Hugh"]
[Black "Frank, Murray"]
[Result "0-1"]
[WhiteElo "1798"]
[BlackElo "1943"]
[PlyCount "50"]
[EventDate "1979.07.07"]
[EventType "swiss"]
[EventRounds "10"]
[EventCountry "CAN"]

1. Nf3 Nf6 2. b3 g6 3. Bb2 Bg7 4. c4 O-O 5. g3 d6 6. Bg2 e5 7. d3 Nc6 8. O-O
Bg4 9. h3 Bd7 10. Nbd2 Qe7 11. e3 Nh5 12. e4 Rae8 13. Kh2 f5 14. Ne1 Bh6 15.
Nc2 Bxd2 16. Qxd2 f4 17. Bf3 Qg5 18. g4 Nf6 19. Rg1 Kf7 20. Be2 h5 21. f3 hxg4
22. hxg4 Rh8+ 23. Kg2 Nxg4 24. Kf1 Nh2+ 25. Kf2 Qh4+ 0-1

[Event "CAN-op"]
[Site "Edmonton CAN"]
[Date "1979.07.15"]
[Round "10"]
[White "Verlik, Val"]
[Black "Brodie, Hugh"]
[Result "0-1"]
[WhiteElo "1574"]
[BlackElo "1798"]
[PlyCount "48"]
[EventDate "1979.07.07"]
[EventType "swiss"]
[EventRounds "10"]
[EventCountry "CAN"]

1. f4 e5 2. fxe5 d6 3. exd6 Bxd6 4. g3 h5 5. Nf3 h4 6. gxh4 Bg4 7. d3 Bxf3 8.
Bg5 f6 9. exf3 fxg5 10. Qe2+ Qe7 11. Nc3 Qxe2+ 12. Nxe2 gxh4 13. O-O-O Nc6 14.
Bh3 Nf6 15. Rhg1 Kf7 16. Rg2 g6 17. f4 Rae8 18. Kd2 Bc5 19. f5 Be3+ 20. Kc3
gxf5 21. Bxf5 Rhg8 22. Rxg8 Rxg8 23. h3 Rg2 24. Nc1 Nd4 0-1

[Event "Toronto op"]
[Site "Toronto CAN"]
[Date "1979.04.13"]
[Round "1"]
[White "Morrison, Robert"]
[Black "Brodie, Hugh"]
[Result "1-0"]
[WhiteElo "2115"]
[BlackElo "1802"]
[PlyCount "105"]
[EventDate "1979.04.13"]
[EventType "swiss"]
[EventRounds "6"]
[EventCountry "CAN"]

1. e4 c5 2. Nf3 Nc6 3. d4 cxd4 4. Nxd4 g6 5. Be3 Bg7 6. c4 Nf6 7. Nc3 Ng4 8.
Qxg4 Nxd4 9. Qd1 Ne6 10. Qd2 d6 11. Be2 Bd7 12. O-O O-O 13. Rfd1 Bc6 14. f3 b6
15. Rac1 Rc8 16. Nd5 Nc5 17. b3 Re8 18. Bf1 Nd7 19. Kh1 Nc5 20. Qf2 Bb7 21. Qh4
Bxd5 22. cxd5 Bf6 23. Qf2 Rc7 24. Bb5 Rf8 25. b4 Nb7 26. Rc6 Qb8 27. Rdc1 Rfc8
28. a4 Nd8 29. R6c4 Rxc4 30. Rxc4 Rxc4 31. Bxc4 Qc8 32. Qc2 Qc7 33. Qd3 Qd7 34.
Bb5 Qc7 35. Bd2 Bg7 36. Kg1 Bb2 37. Kf1 Bc1 38. Qc3 Qxc3 39. Bxc3 Bf4 40. g3
Be3 41. Ke2 Bg1 42. h3 f6 43. Be1 Kf7 44. Kd3 e6 45. Kc4 Ke7 46. f4 f5 47. g4
Kf8 48. Bh4 exd5+ 49. Kxd5 Nf7 50. gxf5 gxf5 51. e5 dxe5 52. fxe5 Bh2 53. Bf6
1-0

[Event "Toronto op"]
[Site "Toronto CAN"]
[Date "1979.04.13"]
[Round "2"]
[White "Brodie, Hugh"]
[Black "McNevin, A."]
[Result "0-1"]
[WhiteElo "1802"]
[BlackElo "1750"]
[PlyCount "148"]
[EventDate "1979.04.13"]
[EventType "swiss"]
[EventRounds "6"]
[EventCountry "CAN"]

1. e4 c5 2. d4 cxd4 3. c3 d6 4. cxd4 Nf6 5. Nc3 Nc6 6. Nf3 a6 7. Bd3 Bg4 8. Be3
g6 9. h3 Bd7 10. O-O Bg7 11. Qd2 O-O 12. Bh6 e5 13. d5 Nb4 14. Bb1 a5 15. Re1
b5 16. Bg5 Na6 17. Bd3 Qb6 18. Qe2 b4 19. Nd1 Nc5 20. Be3 Rab8 21. Rc1 Rfc8 22.
b3 Bb5 23. Bxc5 Rxc5 24. Rxc5 Bxd3 25. Qxd3 Qxc5 26. Nd2 Nh5 27. g3 Rf8 28. Nc4
Bh6 29. Ndb2 f5 30. Na4 Qxf2+ 31. Kxf2 fxe4+ 32. Kg2 exd3 33. Nxd6 Rd8 34. Nc4
Rxd5 35. Nab2 d2 36. Rf1 e4 37. Nd1 Rd3 38. g4 Nf4+ 39. Kh2 Rxh3+ 40. Kg1 Rg3+
41. Kh2 Rxg4 42. Nce3 Rh4+ 43. Kg1 Bg7 44. Kf2 Bd4 45. Kg3 g5 46. Nf5 Rh3+ 47.
Kg4 Be5 48. Rxf4 Rh4+ 49. Nxh4 gxf4 50. Ng2 e3 51. Kf3 Kg7 52. Nh4 Kf6 53. Ke2
Kg5 54. Nf3+ Kf5 55. Nh4+ Kg4 56. Nf3 Bd6 57. Nh2+ Kh3 58. Nf3 Kg3 59. Ng5 Kg2
60. Nf3 Be7 61. Nd4 Bf6 62. Nf5 h5 63. Nfxe3+ fxe3 64. Nxe3+ Kg3 65. Nf1+ Kg2
66. Nxd2 h4 67. Nf3 h3 68. Ne1+ Kg3 69. Nf3 Bg7 70. Ng5 h2 71. Ne4+ Kg2 72. Nf2
Bd4 73. Nh1 Kxh1 74. Kf1 Bc5 0-1

[Event "Toronto op"]
[Site "Toronto CAN"]
[Date "1979.04.14"]
[Round "3"]
[White "Chrisjohn, G."]
[Black "Brodie, Hugh"]
[Result "0-1"]
[WhiteElo "1576"]
[BlackElo "1802"]
[PlyCount "54"]
[EventDate "1979.04.13"]
[EventType "swiss"]
[EventRounds "6"]
[EventCountry "CAN"]

1. e4 c5 2. Nf3 Nc6 3. b3 d6 4. Bb2 e5 5. Bc4 Be7 6. g4 Bxg4 7. Rg1 Bh5 8. Rxg7
Bg6 9. Nc3 Bf6 10. Bxf7+ Bxf7 11. Rg1 Bh5 12. Nd5 Nd4 13. Bxd4 cxd4 14. Qe2 a6
15. Qd3 Bf7 16. Qc4 Kf8 17. Qd3 Bxd5 18. exd5 Ne7 19. O-O-O Qa5 20. Nxd4 exd4
21. Qf3 Kf7 22. Qh5+ Ng6 23. Rde1 Rae8 24. Rxe8 Kxe8 25. Qf5 Qd8 26. Qe6+ Qe7
27. Qc8+ Kf7 0-1

[Event "Toronto op"]
[Site "Toronto CAN"]
[Date "1979.04.14"]
[Round "4"]
[White "Brodie, Hugh"]
[Black "Schwilgin, F."]
[Result "1-0"]
[WhiteElo "1802"]
[BlackElo "1481"]
[PlyCount "95"]
[EventDate "1979.04.13"]
[EventType "swiss"]
[EventRounds "6"]
[EventCountry "CAN"]

1. f4 Nf6 2. Nf3 Nd5 3. e3 Nb6 4. b3 d5 5. Bb2 Nc6 6. Bb5 Bd7 7. O-O a6 8. Bxc6
Bxc6 9. d3 f6 10. Qe1 e6 11. Nbd2 Bd6 12. Qh4 O-O 13. e4 Be7 14. Qh3 Bd7 15. f5
dxe4 16. dxe4 exf5 17. exf5 Bc5+ 18. Kh1 Nd5 19. Nd4 Nb4 20. Qc3 Bxd4 21. Qxd4
Nxc2 22. Qc4+ Be6 23. Qxc2 Bd5 24. Rae1 Re8 25. Nc4 Qd7 26. Qf2 Rxe1 27. Rxe1
Re8 28. Kg1 Rxe1+ 29. Qxe1 Bxc4 30. bxc4 Kf7 31. Qe6+ Qxe6 32. fxe6+ Kxe6 33.
Kf2 g6 34. g4 b5 35. cxb5 axb5 36. Ke3 c5 37. Ke4 f5+ 38. gxf5+ gxf5+ 39. Kf4
b4 40. a4 bxa3 41. Bxa3 c4 42. Bb2 h6 43. h4 h5 44. Bc3 Kf7 45. Kxf5 Kg8 46.
Kg5 Kh7 47. Kxh5 Kg8 48. Kg6 1-0

[Event "Toronto op"]
[Site "Toronto CAN"]
[Date "1979.04.15"]
[Round "5"]
[White "Cummins, John"]
[Black "Brodie, Hugh"]
[Result "1/2-1/2"]
[WhiteElo "1951"]
[BlackElo "1802"]
[PlyCount "97"]
[EventDate "1979.04.13"]
[EventType "swiss"]
[EventRounds "6"]
[EventCountry "CAN"]

1. g3 e5 2. Bg2 Nc6 3. c4 d6 4. Nc3 g6 5. d3 Bg7 6. Nf3 Nge7 7. O-O O-O 8. Rb1
a5 9. a3 Bd7 10. b4 axb4 11. axb4 Qc8 12. Re1 f5 13. Qc2 f4 14. b5 Nd8 15. Nd5
Nxd5 16. cxd5 b6 17. gxf4 exf4 18. Qc4 Bh6 19. Bb2 Bg7 20. Bxg7 Kxg7 21. Rec1
Ra7 22. Ra1 Rxa1 23. Rxa1 Bg4 24. Rc1 Rf7 25. Nd4 Re7 26. f3 Bf5 27. Kf2 g5 28.
Rg1 Nf7 29. h4 h6 30. hxg5 hxg5 31. Qc3 Kg6 32. Rh1 Qe8 33. Bf1 Ne5 34. Nc6
Nxc6 35. dxc6 Re5 36. Qb2 Qa8 37. d4 Re8 38. Bh3 Qc8 39. Bxf5+ Qxf5 40. Qb3 Kg7
41. Qb1 Qxb1 42. Rxb1 Rh8 43. Rb2 Kf6 44. Rb3 Ra8 45. Rb2 Ra3 46. Rb4 Ke6 47.
Ke1 Kd5 48. Kd2 Ra2+ 49. Kd3 1/2-1/2